Wages and hours of labor in metalliferous mines, 1924 and 1931 ... (Record no. 36076)

MARC details
000 -LEADER
fixed length control field 01217cam a22002891 4500
001 - CONTROL NUMBER
control field l 33000002
003 - CONTROL NUMBER IDENTIFIER
control field DLC
005 - DATE AND TIME OF LATEST TRANSACTION
control field 20260227111534.0
008 - FIXED-LENGTH DATA ELEMENTS--GENERAL INFORMATION
fixed length control field 890810s1933 dcu f000 0 eng
010 ## - LIBRARY OF CONGRESS CONTROL NUMBER
LC control number l 33000002
035 ## - SYSTEM CONTROL NUMBER
System control number (OCoLC)20156294
040 ## - CATALOGING SOURCE
Original cataloging agency DLC
Transcribing agency PEL
Modifying agency PEL
-- OCoLC
-- DLC
042 ## - AUTHENTICATION CODE
Authentication code premarc
050 00 - LIBRARY OF CONGRESS CALL NUMBER
Classification number HD8051
Item number .A5 no. 573
110 1# - MAIN ENTRY--CORPORATE NAME
Corporate name or jurisdiction name as entry element United States.
Subordinate unit Bureau of Labor Statistics.
245 10 - TITLE STATEMENT
Title Wages and hours of labor in metalliferous mines, 1924 and 1931 ...
Remainder of title January, 1933.
260 ## - PUBLICATION, DISTRIBUTION, ETC.
Place of publication, distribution, etc. Washington,
Name of publisher, distributor, etc. U.S. Govt. print. off.,
Date of publication, distribution, etc. 1933.
300 ## - PHYSICAL DESCRIPTION
Extent iii, 64 p.
Other physical details incl. tables.
Dimensions 23 cm.
490 0# - SERIES STATEMENT
Series statement Bulletin of the United States Bureau of labor statistics,
Volume/sequential designation no. 573. Wages and hours of labor series
500 ## - GENERAL NOTE
General note At head of title: United States Department of labor. W. N. Doak, secretary. Bureau of labor statistics. Charles E. Baldwin, acting commissioner.
500 ## - GENERAL NOTE
General note Issued also as House doc. 391, 72d Cong., 2d sess.
500 ## - GENERAL NOTE
General note "Appendix: Mine terms of occupations, with definitions, and classification."--p.54-64.
650 #0 - SUBJECT ADDED ENTRY--TOPICAL TERM
Topical term or geographic name entry element Miners
Geographic subdivision United States.
650 #0 - SUBJECT ADDED ENTRY--TOPICAL TERM
Topical term or geographic name entry element Wages
Geographic subdivision United States.
650 #0 - SUBJECT ADDED ENTRY--TOPICAL TERM
Topical term or geographic name entry element Hours of labor
Geographic subdivision United States.
650 #0 - SUBJECT ADDED ENTRY--TOPICAL TERM
Topical term or geographic name entry element Wages
General subdivision Miners.

No items available.

Powered by Koha